Mzdové predpisy pre rozpočtové a príspevkové organizácie

Guardado en:
Detalles Bibliográficos
Formato: Libro
Lenguaje:eslovaco
Publicado: Bratislava EPOS 1996
Edición:1. vyd.
Materias:
Etiquetas: Agregar Etiqueta
Sin Etiquetas, Sea el primero en etiquetar este registro!

MARC

LEADER 00000nam a2200000 4500
001 c019264
005 20221128073418.9
020 |a 80-88810-50-7 
041 0 |a slo 
044 |a SK 
245 1 0 |a Mzdové predpisy pre rozpočtové a príspevkové organizácie 
250 |a 1. vyd. 
264 1 |a Bratislava  |b EPOS  |c 1996 
300 |a 176 s. 
610 2 0 |a predpisy mzdové 
610 2 0 |a mzdy 
610 2 0 |a organizácie príspevkové 
610 2 0 |a organizácie rozpočtové 
610 2 0 |a platy 
610 2 0 |a odmeny 
610 2 0 |a zákony 
610 2 0 |a tarify mzdové 
610 2 0 |a Slovensko